El signo afijal en la muestra textual : claves para entender el descubrimiento automático de morfemas /

Detalles Bibliográficos
Autor principal: Medina Urrea, Alfonso (Autor)
Formato: Electrónico eBook
Lenguaje:español
Publicado: Ciudad de México, México : El Colegio de México, 2023.
Edición:Primera edición electrónica.
Colección:Serie Estudios de lingüística ; 37.
Materias:
Acceso en línea:Digitalia Hispánica

MARC

LEADER 00000nam a2200000Ii 4500
001 DIGCOLMX0543
003 NyNyDIG
006 m o d
007 cr |||||||||||
008 240701s2023 mx a ob 000 0 spa d
035 |a (OCoLC)1443711717 
040 |a DGITA  |b eng  |e rda  |e pn  |c DGITA 
020 |a 9786075645650  |q electrónica 
020 |z 9786075643076  |q impreso 
050 1 4 |a P245 ebook 
082 0 4 |a 415.92  |2 23 
100 1 |a Medina Urrea, Alfonso,  |e author. 
245 1 3 |a El signo afijal en la muestra textual :  |b claves para entender el descubrimiento automático de morfemas /  |c Alfonso Medina Urrea. 
250 |a Primera edición electrónica. 
264 1 |a Ciudad de México, México :  |b El Colegio de México,  |c 2023. 
300 |a 1 online resource :  |b illustrations. 
336 |a text  |b txt  |2 rdacontent 
337 |a computer  |b c  |2 rdamedia 
338 |a online resource  |b cr  |2 rdacarrier 
347 |a text file  |2 rdaft 
347 |b EPUB 
490 1 |a Serie Estudios de lingüística ;  |v XXXVII 
500 |a "Centro de Estudios Lingüísticos y Literarios". 
504 |a Includes bibliographical references. 
588 0 |a Online resource; title from ePub title page (Digitalia, viewed July 1, 2024) 
650 0 |a Grammar, Comparative and general  |x Affixes. 
650 0 |a Grammar, Comparative and general  |x Morphology. 
650 0 |a Grammar, Comparative and general  |x Word formation. 
791 2 |a Digitalia (Firm),  |e distributor. 
793 0 |g Digitalia eBook Collection:  |a El Colegio de México 
776 0 8 |i Print version:  |a Medina Urrea, Alfonso.  |t Signo afijal en la muestra textual.  |b Primera edición impresa.  |d Ciudad de México, México : El Colegio de México, 2021  |z 9786075643076 
830 0 |a Serie Estudios de lingüística ;  |v 37. 
856 4 0 |3 Digitalia Hispánica  |u https://www.digitaliapublishing.com/a/156652/ 
910 |a Premium collection: 2024